000 00407nam a22001577a 4500
999 _c854
_d854
008 191226b ||||| |||| 00| 0 eng d
082 0 0 _a623.8
_bM2832
100 _9398
_aManning, George C.
245 1 0 _aManual of ship construction
_cby George C Manning
250 _a5th
260 _aNew York
_bVan Nostrand
_c1944
300 _aviii, 331p.
365 _b14.01
650 0 _aNaval Architecture
942 _cBK